书目信息 |
| 题名: |
张载哲学与中国古代思维方式研究
|
|
| 作者: | 李晓春 著 | |
| 分册: | ||
| 出版信息: | 北京 中华书局 2012.11 |
|
| 页数: | 355页 | |
| 开本: | 23cm | |
| 丛书名: | 兰州大学敦煌学与人文科学系列研究 | |
| 单 册: | ||
| 中图分类: | B244.45 , B804 | |
| 科图分类: | ||
| 主题词: | 思维形式--研究--中国--古代 , 哲学思想 , 思维形式 | |
| 电子资源: | ||
| ISBN: | 978-7-101-08841-0 | |
| 000 | 01497nam0 22003251 450 | |
| 001 | 524 | |
| 005 | 20140904160514.70 | |
| 010 | @a978-7-101-08841-0@dCNY68.00 | |
| 100 | @a20130107d2012 em y0chiy50 ea | |
| 101 | 0 | @achi |
| 102 | @aCN@b110000 | |
| 105 | @ay z 000yy | |
| 106 | @ar | |
| 200 | 1 | @a张载哲学与中国古代思维方式研究@AZhang Zai Zhe Xue Yu Zhong Guo Gu Dai Si Wei Fang Shi Yan Jiu@f李晓春著@FLi Xiao Chun Zhu |
| 210 | @a北京@c中华书局@d2012.11 | |
| 215 | @a355页@d23cm | |
| 225 | 2 | @a兰州大学敦煌学与人文科学系列研究@f陈春文主编 |
| 300 | @a兰州大学“985工程”敦煌学与人文科学基础研究、甘肃省社科规划项目“宋代天命之性与气质之性相互关系中蕴含的思维结构研究”、兰州大学中央高校基本科研业务费专项资金项目“太虚与糟粕——试论张载气论在北宋理气关系发展中的奠基地位”、“明清之际天主教与中国传统文化的对话”资助 | |
| 330 | @a本书在中国古代思维方式研究的背景下,以张载、程颢与程颐的理气关系和张载的太虚与气的关系为线索,对张载哲学及北宋时期理气关系的演变历程及其动力和原因进行了研究,以期确证张载气论在北宋理气关系发展的逻辑关联中的奠基地位,并揭示北宋理气关系发展的真正意义。 | |
| 461 | 0 | @12001 @a兰州大学敦煌学与人文科学系列研究 |
| 600 | 0 | @a张载@f(1020-1077)@x哲学思想@x研究 |
| 600 | 0 | @a张载@f(1020-1077) |
| 606 | 0 | @a思维形式@x研究@y中国@z古代 |
| 606 | 0 | @a哲学思想 |
| 606 | 0 | @a思维形式 |
| 690 | @aB244.45@v5 | |
| 690 | @aB804@v5 | |
| 701 | 0 | @a李晓春@ALi Xiao Chun@f(1966.4~)@4著 |
| 801 | 0 | @aCN@bTANGWEI@c20140603 |
| 905 | @b0836364-66@dB244.45@e56@f3 | |
| 张载哲学与中国古代思维方式研究/李晓春著.-北京:中华书局,2012.11 |
| 355页;23cm.-(兰州大学敦煌学与人文科学系列研究/陈春文主编) |
| 兰州大学“985工程”敦煌学与人文科学基础研究、甘肃省社科规划项目“宋代天命之性与气质之性相互关系中蕴含的思维结构研究”、兰州大学中央高校基本科研业务费专项资金项目“太虚与糟粕——试论张载气论在北宋理气关系发展中的奠基地位”、“明清之际天主教与中国传统文化的对话”资助 |
| ISBN 978-7-101-08841-0:CNY68.00 |
| 本书在中国古代思维方式研究的背景下,以张载、程颢与程颐的理气关系和张载的太虚与气的关系为线索,对张载哲学及北宋时期理气关系的演变历程及其动力和原因进行了研究,以期确证张载气论在北宋理气关系发展的逻辑关联中的奠基地位,并揭示北宋理气关系发展的真正意义。 |
| ● |
| 相关链接 |
|
|
|
|
正题名:张载哲学与中国古代思维方式研究
索取号:B244.45/56
 
预约/预借
| 序号 | 登录号 | 条形码 | 馆藏地/架位号 | 状态 | 备注 |
| 1 | 0836364 | 208363643 | 第一样本阅览室/ [索取号:B244.45/56] | 在馆 | |
| 2 | 0836365 | 208363652 | 第一借阅区/ [索取号:B244.45/56] | 在馆 | |
| 3 | 0836366 | 208363661 | 第一借阅区/ [索取号:B244.45/56] | 在馆 |